| 000 | 00574nam a2200145Ia 4500 | ||
|---|---|---|---|
| 008 | 151213s9999 xx 000 0 und d | ||
| 100 | _aআলহাজ আব্দুল হালিম। | ||
| 245 |
_aমধুপ্রুর গড়ে মানুষের বসতি। _cআলহাজ আব্দুল হালিম। |
||
| 260 |
_aঢাকা _bসাগর বুক ডিপো। _c2003 |
||
| 300 | _a8781 p. | ||
| 650 | _aBangla | ||
| 650 | _aইতিহাস। | ||
| 700 | _aআলহাজ আব্দুল হালিম। | ||
| 999 |
_c4566 _d4566 |
||